[Event "Qatar Masters Open 2024"]
[Site "Doha QAT"]
[Date "2024.12.04"]
[Round "2.69"]
[White "Luong Phuong Hanh"]
[Black "Adireddy, Arjun"]
[Result "0-1"]
[WhiteTitle "WIM"]
[BlackTitle "FM"]
[WhiteElo "2225"]
[BlackElo "2336"]
[WhiteFideId "12401013"]
[BlackFideId "25647709"]
[EventDate "2024.12.03"]

1. d4 Nf6 2. Nf3 e6 3. c4 d5 4. g3 Be7 5. Bg2 O-O 6. O-O c6 7. Qc2 b6 8. Nbd2
Ba6 9. b3 Nbd7 10. e4 Rc8 11. e5 Ne8 12. Bb2 c5 13. Rfd1 Nc7 14. Rac1 b5 15.
cxd5 Nxd5 16. dxc5 Nxc5 17. Qb1 Qa5 18. Nd4 Rfd8 19. Ne4 Bb7 20. a3 b4 21. axb4
Qxb4 22. Rc4 Qb6 23. Nd6 Bxd6 24. exd6 Rxd6 25. Ba3 Ba6 26. Rcc1 Rdd8 27. Nf5
Nd3 28. Rxd3 Bxd3 29. Qxd3 Rxc1+ 30. Bxc1 exf5 31. Bxd5 Qa5 32. Bxf7+ Kxf7 33.
Qc4+ Qd5 34. Qf4 Qe4 35. Qc7+ Ke8 0-1

[Event "Qatar Masters Open 2024"]
[Site "Doha QAT"]
[Date "2024.12.05"]
[Round "3.1"]
[White "Esipenko, Andrey"]
[Black "Ganguly, Surya Shekhar"]
[Result "1-0"]
[WhiteTitle "GM"]
[BlackTitle "GM"]
[WhiteElo "2682"]
[BlackElo "2578"]
[WhiteFideId "24175439"]
[BlackFideId "5002150"]
[EventDate "2024.12.03"]

1. d4 d5 2. c4 e6 3. Nc3 Nf6 4. cxd5 exd5 5. Bg5 Be7 6. e3 O-O 7. Bd3 Re8 8. Nf3
h6 9. Bxf6 Bxf6 10. Qb3 c6 11. O-O Nd7 12. Rae1 Nb6 13. a4 Rb8 14. a5 Nc4 15.
Bxc4 dxc4 16. Qxc4 Qxa5 17. Ra1 Qb6 18. Qa4 Bf5 19. Qxa7 Qxb2 20. Na4 Qb3 21.
Nb6 Qe6 22. Rfc1 h5 23. Ra5 h4 24. h3 Bd3 25. Ne5 Bxe5 26. Rxe5 Qg6 27. Nd7 f6
28. Rxe8+ Rxe8 29. Nc5 Bf5 30. Qxb7 Bxh3 31. Qxc6 Bf5 32. Kh2 Kh7 33. Qf3 Qg5
34. Ra1 Re7 35. Ra3 Bg6 36. Qh3 Bf5 37. Qf3 Bg6 38. e4 Bh5 39. Qe3 Qg4 40. d5
Bg6 41. Ra4 Re5 42. Rd4 Bh5 43. f4 Re8 44. d6 Ra8 45. Qf3 Qxf3 46. gxf3 Bxf3 47.
Rd3 Be2 48. Rd2 Bf3 49. Kh3 Ra1 50. Kxh4 Rg1 51. d7 1-0

[Event "Qatar Masters Open 2024"]
[Site "Doha QAT"]
[Date "2024.12.05"]
[Round "3.2"]
[White "Nihal, Sarin"]
[Black "Sankalp, Gupta"]
[Result "1/2-1/2"]
[WhiteTitle "GM"]
[BlackTitle "GM"]
[WhiteElo "2676"]
[BlackElo "2545"]
[WhiteFideId "25092340"]
[BlackFideId "5097010"]
[EventDate "2024.12.03"]

1. c4 e5 2. Nc3 Nf6 3. Nf3 e4 4. Ng5 c6 5. Qa4 Qe7 6. Qc2 b5 7. cxb5 d5 8. e3
Qb7 9. d3 h6 10. Nh3 exd3 11. Bxd3 a6 12. b6 Nbd7 13. b3 Qxb6 14. O-O Bd6 15.
Bb2 Qc7 16. f4 O-O 17. e4 dxe4 18. Nxe4 Nxe4 19. Bxe4 Nc5 20. Bh7+ Kh8 21. Bf5
Re8 22. Bxc8 Raxc8 23. Rae1 Kg8 24. g3 Qa5 25. Bc3 Qb5 26. Nf2 Bf8 27. Rxe8 Rxe8
28. Re1 Rd8 29. Rd1 Re8 30. Re1 Rd8 31. Rd1 Re8 1/2-1/2

[Event "Qatar Masters Open 2024"]
[Site "Doha QAT"]
[Date "2024.12.05"]
[Round "3.3"]
[White "Zemlyanskii, Ivan"]
[Black "Narayanan, S.L."]
[Result "1/2-1/2"]
[WhiteTitle "GM"]
[BlackTitle "GM"]
[WhiteElo "2543"]
[BlackElo "2647"]
[WhiteFideId "24249971"]
[BlackFideId "5058422"]
[EventDate "2024.12.03"]

1. e4 e5 2. Nf3 Nc6 3. Bc4 Bc5 4. c3 Nf6 5. d3 d6 6. Bg5 h6 7. Bh4 a5 8. Nbd2
Ba7 9. a4 g5 10. Bg3 O-O 11. O-O Kg7 12. Re1 g4 13. Bh4 Ne7 14. Bxf6+ Kxf6 15.
Nh4 Kg7 16. Nf1 Ng8 17. g3 Qg5 18. Ne3 Bxe3 19. Rxe3 Ne7 20. d4 Ng6 21. Nxg6
fxg6 22. dxe5 Qxe5 23. Qd4 Re8 24. f4 gxf3 25. Rxf3 Qxd4+ 26. cxd4 Be6 27. Rc1
c6 28. d5 Bg4 29. Rf4 h5 30. dxc6 bxc6 31. Rf7+ Kh6 32. Rf6 Rxe4 33. Bd3 Re6 34.
Rxe6 Bxe6 35. Rxc6 Bf7 36. Rxd6 Rb8 37. Bb5 Rc8 38. Rd2 Be8 39. Bxe8 Rxe8 40.
Rd5 Re2 41. Rb5 g5 42. h4 g4 43. Kf1 Rc2 44. Rb3 Kg6 45. Rb5 Rd2 46. Rg5+ Kh6
47. Rxa5 Rxb2 48. Rb5 Ra2 49. a5 Kg6 50. Rb6+ Kf5 51. Rh6 Ke4 52. Rxh5 Kf3 53.
Rf5+ Ke3 54. Kg1 Ra1+ 55. Rf1 Rxa5 56. Rf2 Ra1+ 57. Kg2 Ra5 58. Rb2 Ra4 59. h5
Ra6 60. Rf2 Rc6 61. Ra2 Rb6 62. Rf2 Ra6 63. Rf4 Ra2+ 64. Kg1 Ra1+ 65. Rf1 Ra6 1/2-1/2

[Event "Qatar Masters Open 2024"]
[Site "Doha QAT"]
[Date "2024.12.05"]
[Round "3.4"]
[White "Adhiban, Baskaran"]
[Black "Sargsyan, Shant"]
[Result "0-1"]
[WhiteTitle "GM"]
[BlackTitle "GM"]
[WhiteElo "2535"]
[BlackElo "2646"]
[WhiteFideId "5018471"]
[BlackFideId "13306766"]
[EventDate "2024.12.03"]

1. e4 e5 2. Nf3 Nc6 3. Bc4 Nf6 4. Ng5 d5 5. exd5 Na5 6. Bb5+ c6 7. dxc6 bxc6 8.
Bd3 Nd5 9. h4 h6 10. Qh5 Qf6 11. Ne4 Qe6 12. b3 g6 13. Qe2 f5 14. Nec3 Nf4 15.
Qf1 Bb7 16. Ba6 Nxg2+ 17. Qxg2 Bxa6 18. Bb2 Bb7 19. Rg1 Rg8 20. Na3 c5 21. Qf1
O-O-O 22. O-O-O Be7 23. Na4 c4 24. Rg3 Bc6 25. Rc3 Rd4 26. Re1 Bb4 27. Nxc4 Rxc4
28. Rxc4 Nxc4 29. bxc4 Bxa4 30. Rxe5 Qc6 31. c5 Re8 32. Rxe8+ Qxe8 33. Bd4 Ba3+
34. Kd1 Qb5 35. Qxb5 Bxb5 36. d3 Kc7 37. Be3 h5 38. c4 Ba6 39. Kc2 Kc6 40. Kc3
Bxc5 41. Bxc5 Kxc5 42. f4 Bb7 43. d4+ Kb6 44. Kb4 Bf3 45. a3 Be2 46. Kc3 Kc6 47.
Kb4 Kd6 48. Kc3 a5 49. Kb3 g5 50. fxg5 f4 51. Kc3 f3 52. c5+ Ke7 53. Kd2 Bc4 54.
Ke3 Bd5 55. Kf2 Ke6 56. Ke3 Kf5 57. Kf2 Ke4 0-1

[Event "Qatar Masters Open 2024"]
[Site "Doha QAT"]
[Date "2024.12.05"]
[Round "3.5"]
[White "Raja, Rithvik R"]
[Black "Karthikeyan, Murali"]
[Result "1/2-1/2"]
[WhiteTitle "GM"]
[BlackTitle "GM"]
[WhiteElo "2521"]
[BlackElo "2637"]
[WhiteFideId "35007394"]
[BlackFideId "5074452"]
[EventDate "2024.12.03"]

1. e4 c5 2. Nf3 Nc6 3. Bb5 e6 4. O-O Nge7 5. d4 cxd4 6. Nxd4 Qb6 7. Nxc6 dxc6 8.
Bc4 Ng6 9. Kh1 e5 10. Qf3 Qc7 11. a4 Bc5 12. Nd2 O-O 13. Nb3 Bd6 14. Be3 Kh8 15.
Rfd1 b6 16. Qh5 f5 17. exf5 Bxf5 18. Rd2 c5 19. Rad1 Be7 20. Nc1 Rad8 21. Rxd8
Bxd8 22. Rd2 Nf4 23. Bxf4 exf4 24. h3 Qe7 25. Re2 Qd7 26. Nd3 Bc7 27. Bb5 Qd6
28. Qf3 g5 29. Bc4 Qd7 30. Rd2 g4 31. hxg4 Bxg4 32. Qd5 f3 33. Qxd7 fxg2+ 34.
Kg1 Bxd7 35. Nxc5 Bc6 36. Ne6 Re8 37. b3 h5 38. Rd3 Kh7 39. Re3 Bd6 40. Ng5+ Kg7
41. Rxe8 Bxe8 42. Kxg2 Bd7 43. f3 Be7 44. Be6 Bxa4 45. bxa4 Bxg5 1/2-1/2

[Event "Qatar Masters Open 2024"]
[Site "Doha QAT"]
[Date "2024.12.05"]
[Round "3.6"]
[White "Naiditsch, Arkadij"]
[Black "Shuvalova, Polina"]
[Result "1-0"]
[WhiteTitle "GM"]
[BlackTitle "IM"]
[WhiteElo "2636"]
[BlackElo "2504"]
[WhiteFideId "4650891"]
[BlackFideId "24171760"]
[EventDate "2024.12.03"]

1. Nf3 d5 2. g3 Nf6 3. Bg2 e6 4. O-O Be7 5. d3 O-O 6. Nbd2 c5 7. e4 Nc6 8. Re1
Qc7 9. c3 Rd8 10. Qe2 b5 11. exd5 Nxd5 12. a4 b4 13. c4 Nf6 14. Nb3 Bb7 15. Bf4
Qd7 16. Rad1 Qe8 17. Ng5 h6 18. Ne4 Nxe4 19. Bxe4 Rd7 20. Be3 Qf8 21. Qh5 f5 22.
Bg2 Rad8 23. Qg6 Kh8 24. Bf4 Bf6 25. Rxe6 Ne7 26. Qh5 Bxg2 27. Kxg2 Rxd3 28.
Rxd3 Rxd3 29. Nxc5 Rd4 30. Qe2 Qc8 31. Rxf6 Ng8 32. Re6 Qxc5 33. Be3 Qxc4 34.
Bxd4 Qxd4 35. Qe5 Qd3 36. Rd6 Qc2 37. Rd5 Qc6 38. Qd6 Qxa4 39. Rxf5 Qc2 40. Rf4
a5 41. Qe6 Nf6 42. Rc4 Qd3 43. Rc8+ Kh7 44. Rc5 Kh8 45. Rxa5 1-0

[Event "Qatar Masters Open 2024"]
[Site "Doha QAT"]
[Date "2024.12.05"]
[Round "3.7"]
[White "Idani, Pouya"]
[Black "Tahbaz, Arash"]
[Result "1-0"]
[WhiteTitle "GM"]
[BlackTitle "IM"]
[WhiteElo "2603"]
[BlackElo "2432"]
[WhiteFideId "12510130"]
[BlackFideId "12528846"]
[EventDate "2024.12.03"]

1. e4 e5 2. Nf3 Nc6 3. Bc4 Nf6 4. d3 Be7 5. Nc3 d6 6. a3 O-O 7. h3 Nd4 8. Nxd4
exd4 9. Ne2 d5 10. exd5 Nxd5 11. O-O c5 12. Nf4 Nxf4 13. Bxf4 Be6 14. Bxe6 fxe6
15. Qg4 Rf6 16. Be5 Rg6 17. Qe4 Qd5 18. Rae1 Rd8 19. Re2 Qxe4 20. Rxe4 Bd6 21.
Rfe1 Kf7 22. f4 Bxe5 23. Rxe5 b6 24. f5 exf5 25. Re7+ Kg8 26. Rxa7 h5 27. a4 f4
28. Kf2 Rd5 29. h4 Rf5 30. a5 bxa5 31. Rxa5 Rg4 32. b4 Rxh4 33. Rxc5 Rf6 34. b5
f3 35. gxf3 Rh3 36. Ke2 Rhxf3 37. Rxh5 Rf2+ 38. Kd1 R6f5 39. Re8+ Kf7 40. Rxf5+
Rxf5 41. Rd8 Rxb5 42. Rxd4 g5 43. Ke2 Rf5 44. c4 Ke6 45. Rd8 Ke7 46. Rb8 Rf6 47.
Rb7+ Kf8 48. Rb5 Rg6 49. Rd5 g4 50. Kf2 g3+ 51. Kg2 Ke7 52. Re5+ Kd6 53. Re3 Kc5
54. Rxg3 Rd6 55. Kf2 Kd4 56. Rg5 Re6 57. Rd5+ Kc3 58. Kf3 Kb4 59. Kf4 Re8 60. c5
Kb5 61. d4 Kc6 62. Re5 Rh8 63. Re6+ Kc7 64. Ke4 1-0

[Event "Qatar Masters Open 2024"]
[Site "Doha QAT"]
[Date "2024.12.05"]
[Round "3.8"]
[White "Mahdavi, Reza"]
[Black "Daneshvar, Bardiya"]
[Result "1/2-1/2"]
[WhiteTitle "FM"]
[BlackTitle "GM"]
[WhiteElo "2394"]
[BlackElo "2600"]
[WhiteFideId "12595926"]
[BlackFideId "12576468"]
[EventDate "2024.12.03"]

1. e4 e6 2. d4 d5 3. e5 c5 4. c3 Nc6 5. Nf3 Qb6 6. a3 c4 7. Nbd2 Na5 8. Rb1 Bd7
9. Be2 O-O-O 10. Qc2 Kb8 11. h4 Ne7 12. Ng5 Be8 13. Nxh7 f6 14. h5 fxe5 15. dxe5
d4 16. Nxc4 Nxc4 17. Bxc4 Qc6 18. Bd3 Qxg2 19. Rf1 Bxh5 20. Ng5 Qd5 21. Bf4 dxc3
22. Be4 Qc4 23. bxc3 Nc6 24. f3 Na5 25. Qe2 Qc8 26. Rb5 Bxa3 27. Qc2 Nc6 28. Qb3
Be7 29. Nxe6 Bf7 30. Nxd8 Bh4+ 31. Ke2 Bxb3 32. Nxc6+ Ka8 33. Rxb3 bxc6 34. Ra1
Qe6 35. Rb6 Qc4+ 36. Kd2 Rd8+ 37. Kc2 Rd5 38. Rb4 Qe2+ 39. Kb3 g5 40. Bxd5 cxd5
41. Rh1 1/2-1/2

[Event "Qatar Masters Open 2024"]
[Site "Doha QAT"]
[Date "2024.12.05"]
[Round "3.10"]
[White "Goutham Krishna H"]
[Black "Tabatabaei, M. Amin"]
[Result "1/2-1/2"]
[WhiteTitle "IM"]
[BlackTitle "GM"]
[WhiteElo "2466"]
[BlackElo "2695"]
[WhiteFideId "25983504"]
[BlackFideId "12521213"]
[EventDate "2024.12.03"]

1. c4 e5 2. d3 Nf6 3. Nf3 Nc6 4. a3 g6 5. b4 Bg7 6. Bb2 d6 7. Nbd2 O-O 8. g3 a6
9. Bg2 Nh5 10. Qc2 f5 11. O-O Qe7 12. Nb3 Nd8 13. Nfd2 Nf6 14. Rae1 g5 15. e3 g4
16. c5 Nf7 17. f4 gxf3 18. Nxf3 Kh8 19. e4 fxe4 20. dxe4 Bd7 21. Nh4 Nh6 22. Na5
b6 23. Nc4 bxc5 24. bxc5 Rab8 25. a4 Rb4 26. Ne3 Bxa4 27. Qc1 Bb5 28. Rf2 Nhg4
29. Nhf5 Qf7 30. Nxg4 Nxg4 31. Rd2 Bh6 32. Nxh6 Nxh6 33. cxd6 cxd6 34. h3 Rb3
35. Bc3 Qg6 36. Re3 Bc4 37. Rb2 Nf7 38. Rf3 Rxb2 39. Bxb2 Bb5 40. Kh2 Kg8 41. g4
Nh6 42. Kg3 Rxf3+ 43. Bxf3 Nf7 44. Qc8+ Kg7 45. Bc1 Ng5 46. Bxg5 Qxg5 47. Qc7+
Kg6 48. Qxd6+ Qf6 49. Qd2 Qg5 50. Qd6+ Qf6 51. Qd2 h6 52. h4 Bc4 53. Qc1 Be6 54.
h5+ Kg7 55. Qc7+ Bf7 56. Kg2 Qg5 57. Kf1 Qf4 58. Qc3 Kf6 59. Kg2 Kg5 60. Qd3 Kh4
61. Qd8+ Qg5 62. Qd1 Qe3 63. Qd8+ Qg5 64. Qd1 Qe3 65. Qd8+ 1/2-1/2

[Event "Qatar Masters Open 2024"]
[Site "Doha QAT"]
[Date "2024.12.05"]
[Round "3.11"]
[White "Aaditya, Dhingra"]
[Black "Vokhidov, Shamsiddin"]
[Result "1/2-1/2"]
[WhiteTitle "IM"]
[BlackTitle "GM"]
[WhiteElo "2448"]
[BlackElo "2681"]
[WhiteFideId "25678191"]
[BlackFideId "14204223"]
[EventDate "2024.12.03"]

1. Nf3 Nf6 2. c4 e6 3. g3 d5 4. Bg2 Be7 5. O-O O-O 6. b3 d4 7. e3 c5 8. exd4
cxd4 9. Re1 Nc6 10. d3 Nd7 11. Na3 e5 12. Nc2 f6 13. Rb1 a5 14. a3 Nc5 15. b4
Na4 16. Bd2 axb4 17. axb4 Bg4 18. h3 Bh5 19. b5 Nb8 20. Ra1 Nb6 21. Rxa8 Nxa8
22. g4 Bg6 23. Nb4 Nd7 24. Nh4 Nc5 25. Nxg6 hxg6 26. Qe2 Nc7 27. Nd5 Bd6 28.
Nxc7 Qxc7 29. Bd5+ Kh7 30. Kg2 f5 31. Rh1 Be7 32. h4 fxg4 33. h5 g5 34. Qxg4 Kh6
35. Rh3 Qc8 36. Qxc8 Rxc8 37. Rf3 b6 38. Bb4 Bf6 39. Bc6 g4 40. Rg3 Ne6 41. Bd2+
Kxh5 42. Bd7 Nf4+ 43. Bxf4 exf4 44. Bxg4+ Kg5 45. Bxc8+ fxg3 46. Kxg3 Be7 47.
Kf3 Bc5 1/2-1/2

[Event "Qatar Masters Open 2024"]
[Site "Doha QAT"]
[Date "2024.12.05"]
[Round "3.12"]
[White "Martirosyan, Haik M."]
[Black "Kukhmazov, Arsen"]
[Result "1-0"]
[WhiteTitle "GM"]
[BlackTitle "IM"]
[WhiteElo "2656"]
[BlackElo "2480"]
[WhiteFideId "13306553"]
[BlackFideId "24108260"]
[EventDate "2024.12.03"]

1. e4 c6 2. d4 d5 3. e5 Bf5 4. h4 h5 5. c4 e6 6. Nc3 dxc4 7. Bxc4 Nd7 8. Nge2
Be7 9. g3 Nh6 10. Bf4 Qb6 11. Qd2 Qb4 12. Bb3 Rd8 13. Rd1 Nb6 14. Bg5 Ng4 15.
Bxe7 Qxe7 16. Qf4 Qb4 17. O-O a5 18. Qc1 Nh6 19. Bc2 Bxc2 20. Qxc2 Nf5 21. a3
Qe7 22. Ne4 O-O 23. Rd3 Nd5 24. Rfd1 Ra8 25. N2c3 Nxc3 26. bxc3 Qxa3 27. Qe2 g6
28. c4 Qe7 29. d5 exd5 30. Nf6+ Kg7 31. cxd5 Rad8 32. d6 Qe6 33. Qb2 Nh6 34. d7
Ng4 35. Nxg4 hxg4 36. Rd6 Qf5 37. Kh2 a4 38. Rf6 a3 39. Qc3 Qe4 40. e6 Kg8 41.
Re1 1-0

[Event "Qatar Masters Open 2024"]
[Site "Doha QAT"]
[Date "2024.12.05"]
[Round "3.13"]
[White "Salem, A.R. Saleh"]
[Black "Ayush, Sharma"]
[Result "1-0"]
[WhiteTitle "GM"]
[BlackTitle "IM"]
[WhiteElo "2622"]
[BlackElo "2466"]
[WhiteFideId "9301348"]
[BlackFideId "45010943"]
[EventDate "2024.12.03"]

1. d4 Nf6 2. c4 e6 3. Nf3 b6 4. a3 Ba6 5. Qc2 Bb7 6. Nc3 c5 7. e4 cxd4 8. Nxd4
Bc5 9. Nf3 Nc6 10. b4 Nd4 11. Qd2 Nxf3+ 12. gxf3 Be7 13. Rg1 O-O 14. Bb2 a5 15.
b5 d5 16. O-O-O Qc7 17. exd5 exd5 18. Nxd5 Bxd5 19. Rxg7+ Kxg7 20. Qg5+ Kh8 21.
Bxf6+ Bxf6 22. Qxf6+ Kg8 23. Rxd5 Rfe8 24. Rg5+ 1-0

[Event "Qatar Masters Open 2024"]
[Site "Doha QAT"]
[Date "2024.12.05"]
[Round "3.14"]
[White "Moksh, Amit Doshi"]
[Black "Pranav, V"]
[Result "1/2-1/2"]
[WhiteTitle "IM"]
[BlackTitle "GM"]
[WhiteElo "2383"]
[BlackElo "2621"]
[WhiteFideId "25064967"]
[BlackFideId "25060783"]
[EventDate "2024.12.03"]

1. d4 Nf6 2. c4 e6 3. Nf3 Bb4+ 4. Bd2 Bxd2+ 5. Qxd2 O-O 6. Nc3 d5 7. e3 Qe7 8.
Bd3 dxc4 9. Bxc4 c5 10. dxc5 Rd8 11. Qe2 Qxc5 12. O-O Nc6 13. Rfd1 Bd7 14. Rac1
Be8 15. a3 Rxd1+ 16. Rxd1 Rc8 17. Ba2 a6 18. Nd2 Ne5 19. h3 Qb6 20. Nc4 Nxc4 21.
Bxc4 h6 22. Ba2 Bc6 23. Rd6 Qc5 24. Rd4 Qg5 25. f4 Qc5 26. Qd2 Qe7 27. Bb1 Re8
28. Bc2 e5 29. fxe5 Nd7 30. Be4 Nxe5 31. Bxc6 bxc6 32. Kh1 Qe6 33. Rd8 Rxd8 34.
Qxd8+ Kh7 35. Qa5 Nd3 36. Qxa6 Qxe3 37. Qxc6 Qe1+ 38. Kh2 Qe5+ 39. Kg1 Qe1+ 40.
Kh2 1/2-1/2

[Event "Qatar Masters Open 2024"]
[Site "Doha QAT"]
[Date "2024.12.05"]
[Round "3.15"]
[White "Pranesh, M"]
[Black "Zou, Chen"]
[Result "1-0"]
[WhiteTitle "GM"]
[BlackTitle "IM"]
[WhiteElo "2582"]
[BlackElo "2449"]
[WhiteFideId "35028600"]
[BlackFideId "8610959"]
[EventDate "2024.12.03"]

1. e4 c5 2. Nc3 a6 3. f4 b5 4. Nf3 Bb7 5. d3 d6 6. g3 Nd7 7. Bg2 e6 8. O-O Be7
9. g4 h6 10. e5 h5 11. g5 b4 12. Ne4 d5 13. Nd6+ Bxd6 14. exd6 Nf8 15. f5 Qxd6
16. Qe2 Ne7 17. Ne5 Nxf5 18. g6 fxg6 19. Bg5 h4 20. Rae1 h3 21. Bh1 Rh5 22. Qg4
Rxg5 23. Qxg5 Qe7 24. Qg4 O-O-O 25. c3 bxc3 26. bxc3 Qf6 27. Rf2 Nd7 28. Nxg6
Qxc3 29. Rxe6 Nd4 30. Qf4 Bc6 31. Ne7+ Kb7 32. Re3 Rf8 33. Nxd5 Bxd5 34. Bxd5+
Kc8 35. Bf7 Rxf7 36. Re8+ Kb7 37. Qe4+ Kb6 38. Rxf7 Nf6 39. Qb7+ Ka5 40. Rxf6
gxf6 41. Qc7+ Kb4 42. Qb6+ Ka3 43. Qxa6+ Kb2 44. Qb7+ Ka1 45. Qe4 Kxa2 46. Kf2
f5 47. Qd5+ Kb2 48. Rb8+ Kc2 49. Qc4 Kd2 50. Qxc3+ Kxc3 51. Rc8 Nb3 52. Rd8 Kd2
53. Kg3 Nc1 54. d4 Ne2+ 55. Kxh3 c4 56. d5 c3 57. d6 c2 58. Rc8 Nf4+ 59. Kg3 Ne6
60. d7 c1=Q 61. Rxc1 Kxc1 62. h4 Kd2 63. Kf2 Kd3 64. h5 Ke4 65. h6 Ke5 66. h7 1-0

[Event "Qatar Masters Open 2024"]
[Site "Doha QAT"]
[Date "2024.12.05"]
[Round "3.16"]
[White "Zhu, Hengyi"]
[Black "Abdisalimov, Abdimalik"]
[Result "0-1"]
[BlackTitle "GM"]
[WhiteElo "2361"]
[BlackElo "2536"]
[WhiteFideId "8611211"]
[BlackFideId "14206323"]
[EventDate "2024.12.03"]

1. e4 e6 2. d4 d5 3. Nd2 c5 4. Ngf3 Nf6 5. e5 Nfd7 6. c3 Nc6 7. Bd3 Be7 8. O-O
g5 9. dxc5 g4 10. Nd4 Ndxe5 11. N2b3 Nxd3 12. Qxd3 e5 13. Nxc6 bxc6 14. Bh6 f6
15. Rae1 Be6 16. f4 gxf3 17. Rxf3 Qd7 18. Rf2 Rg8 19. Qxh7 a5 20. Be3 a4 21. Nc1
O-O-O 22. Qc2 Rg4 23. Ne2 f5 24. Nf4 exf4 25. Qxa4 Qb7 26. Bd4 Kd7 27. Qc2 Bh4
28. Qe2 Re8 29. Qe5 Qb8 0-1

[Event "Qatar Masters Open 2024"]
[Site "Doha QAT"]
[Date "2024.12.05"]
[Round "3.17"]
[White "Khoder, Akram"]
[Black "Harutyunyan, Tigran K."]
[Result "1/2-1/2"]
[WhiteTitle "FM"]
[BlackTitle "GM"]
[WhiteElo "2232"]
[BlackElo "2524"]
[WhiteFideId "5306914"]
[BlackFideId "13303635"]
[EventDate "2024.12.03"]

1. d4 Nf6 2. c4 e6 3. Nf3 d5 4. g3 Bb4+ 5. Bd2 Be7 6. Bg2 O-O 7. O-O h6 8. Bc3
Ne4 9. Ne5 Nd7 10. Qc2 Nxc3 11. Nxc3 Nxe5 12. dxe5 c6 13. Rad1 Qa5 14. Kh1 dxc4
15. Qe4 b5 16. Qxc6 Rb8 17. Ne4 b4 18. Nd6 c3 19. bxc3 bxc3 20. Nc4 Qxa2 21. Ra1
Qxe2 22. Qc7 Rb4 23. Nd6 Bxd6 24. exd6 Rd4 25. Qxc3 Rxd6 26. Rxa7 Ba6 27. Qa1
Rfd8 28. Kg1 Bc4 29. Ra8 Rxa8 30. Qxa8+ Kh7 31. Qe4+ Qxe4 32. Bxe4+ f5 33. Rc1
Bb3 34. Bc2 Bd5 35. Rd1 Kg6 36. g4 Kf6 37. gxf5 exf5 38. Bb3 Ke5 39. Bxd5 Rxd5
40. Ra1 h5 41. Kg2 g5 42. h3 Rd4 43. Ra8 Kf4 44. Rh8 h4 45. Rh7 Rd8 46. Rg7 Rh8
47. Ra7 g4 48. Ra4+ Kg5 49. Rb4 gxh3+ 50. Kxh3 Ra8 51. Rxh4 Ra3+ 52. f3 Rxf3+
53. Kg2 Ra3 54. Rb4 f4 55. Rb8 1/2-1/2

[Event "Qatar Masters Open 2024"]
[Site "Doha QAT"]
[Date "2024.12.05"]
[Round "3.18"]
[White "Madaminov, Mukhiddin"]
[Black "Nigmatov, Ortik"]
[Result "1/2-1/2"]
[WhiteTitle "GM"]
[BlackTitle "IM"]
[WhiteElo "2501"]
[BlackElo "2447"]
[WhiteFideId "14210703"]
[BlackFideId "14202131"]
[EventDate "2024.12.03"]

1. e4 e5 2. Nf3 Nc6 3. Bb5 a6 4. Ba4 Bc5 5. c3 Nge7 6. d4 exd4 7. cxd4 Bb4+ 8.
Nc3 d5 9. exd5 Qxd5 10. Bb3 Qh5 11. Qd3 Bg4 12. Ng5 O-O-O 13. Bxf7 Ne5 14. Bxh5
Nxd3+ 15. Kd2 Bxh5 16. Kxd3 c5 17. Ne6 Rd6 18. Nf4 Rxd4+ 19. Kc2 Rf8 20. Re1
Rfxf4 21. Bxf4 Bg6+ 22. Kc1 Rxf4 23. Rxe7 Rxf2 24. Re5 Rc2+ 25. Kd1 Rxb2 26. a3
Bxc3 27. Rxc5+ Kb8 28. Rxc3 Rxg2 29. Rac1 Rxh2 30. Rc8+ Ka7 31. R8c7 Rg2 32.
R1c3 h5 33. Ke1 Bf5 34. Re7 Rb2 35. Rxg7 Bg4 36. Rh7 a5 37. Rh8 Re2+ 38. Kf1 Rb2
39. Ke1 Re2+ 40. Kf1 Re7 41. Kf2 Kb6 42. Rb3+ Ka7 43. Rh6 Re2+ 1/2-1/2

[Event "Qatar Masters Open 2024"]
[Site "Doha QAT"]
[Date "2024.12.05"]
[Round "3.19"]
[White "Kazhgaleyev, Murtas"]
[Black "Khamdamova, Afruza"]
[Result "1-0"]
[WhiteTitle "GM"]
[BlackTitle "WIM"]
[WhiteElo "2488"]
[BlackElo "2354"]
[WhiteFideId "13700316"]
[BlackFideId "14210444"]
[EventDate "2024.12.03"]

1. e4 e5 2. Nf3 Nc6 3. Bb5 a6 4. Ba4 Nf6 5. O-O Be7 6. Re1 b5 7. Bb3 d6 8. c3
O-O 9. h3 Bb7 10. d4 Re8 11. a3 Bf8 12. d5 Ne7 13. c4 c6 14. dxc6 Bxc6 15. Nc3
h6 16. Qd3 Rb8 17. Bd2 Ng6 18. cxb5 axb5 19. Rac1 Nd7 20. Bd5 Nc5 21. Qb1 Bd7
22. Ba2 Ne7 23. Be3 Nc6 24. b4 Ne6 25. Red1 g6 26. Qd3 Ncd4 27. Nxd4 exd4 28.
Bxd4 Nxd4 29. Qxd4 Ra8 30. Qd5 Be6 31. Qxb5 Bxa2 32. Nxa2 Rxa3 33. Nc3 Ra8 34.
Qd3 Bg7 35. Nd5 Qh4 36. Re1 Ra2 37. Rc2 Rxc2 38. Qxc2 Bd4 39. Re2 Ra8 40. Kh2
Ra3 41. g3 Qg5 42. Qd2 Qh5 43. Re1 Qe5 44. Kg2 Rb3 45. Ne7+ Qxe7 46. Qxd4 Qb7
47. Qxd6 Rxb4 48. Qd3 f5 49. Qd8+ Kh7 50. Rc1 Rxe4 51. Rc7+ Re7+ 52. Rxb7 Rxb7
53. g4 fxg4 54. hxg4 Rf7 55. f4 Kg7 56. Kg3 1-0

[Event "Qatar Masters Open 2024"]
[Site "Doha QAT"]
[Date "2024.12.05"]
[Round "3.20"]
[White "Socko, Monika"]
[Black "Maghsoodloo, Parham"]
[Result "0-1"]
[WhiteTitle "GM"]
[BlackTitle "GM"]
[WhiteElo "2402"]
[BlackElo "2703"]
[WhiteFideId "1106619"]
[BlackFideId "12539929"]
[EventDate "2024.12.03"]

1. d4 Nf6 2. Nf3 d5 3. g3 c5 4. c4 dxc4 5. Qa4+ Nc6 6. dxc5 e5 7. Bg2 Bd7 8.
Qxc4 Qa5+ 9. Bd2 Qxc5 10. Na3 Be6 11. Qa4 Nd7 12. Ng5 Bd5 13. e4 Nb6 14. Qd1 Bc4
15. Nxc4 Nxc4 16. Bc3 Rd8 17. Qh5 g6 18. Qf3 Qe7 19. Qe2 b5 20. b3 Qxg5 21. bxc4
Nd4 22. Qb2 Ba3 23. Qb1 bxc4 24. h4 Qe7 25. Bxd4 Qb4+ 26. Ke2 exd4 27. Qxb4 d3+
28. Ke3 Bxb4 29. Rhd1 Ba3 30. Bf1 O-O 31. Rab1 f5 32. e5 f4+ 33. gxf4 Bc5+ 34.
Kd2 Rxf4 35. Kc3 a5 36. e6 Bb4+ 37. Rxb4 axb4+ 38. Kxb4 Kf8 39. a4 Rc8 40. Kb5
Rxf2 41. a5 Rb2+ 0-1

[Event "Qatar Masters Open 2024"]
[Site "Doha QAT"]
[Date "2024.12.05"]
[Round "3.21"]
[White "Artemiev, Vladislav"]
[Black "Ahmad, Khagan"]
[Result "1-0"]
[WhiteTitle "GM"]
[BlackTitle "IM"]
[WhiteElo "2701"]
[BlackElo "2403"]
[WhiteFideId "24101605"]
[BlackFideId "13431552"]
[EventDate "2024.12.03"]

1. c4 e6 2. Nc3 Bb4 3. Qb3 c5 4. Nb5 Nf6 5. Nd6+ Ke7 6. Qg3 Nc6 7. Nf3 Nd4 8.
Nxd4 cxd4 9. Nb5 d5 10. a3 Bd6 11. Qd3 e5 12. cxd5 a6 13. Nxd6 Qxd6 14. e4 dxe3
15. dxe3 Qxd5 16. Bd2 Rd8 17. Qxd5 Nxd5 18. Be2 Bd7 19. g3 Bb5 20. e4 Nc7 21.
Ba5 Bxe2 22. Kxe2 Rd7 23. Rhd1 Nb5 24. Bb4+ Ke6 25. Rxd7 Kxd7 26. Rd1+ Ke6 27.
Ke3 Rc8 28. f4 exf4+ 29. gxf4 f5 30. Rd5 fxe4 31. Re5+ Kf6 32. a4 Nc7 33. Rc5
Ke6 34. Re5+ Kf6 35. Rc5 Ke6 36. Kxe4 Kd7 37. Rh5 Ne8 38. Rd5+ Ke6 39. f5+ Kf6
40. Bc3+ Ke7 41. Bb4+ Kf6 42. b3 Kg5 43. Be7+ Nf6+ 44. Ke5 Rc2 45. h4+ Kh5 46.
Bxf6 Re2+ 47. Kf4 gxf6 48. Rd7 Rf2+ 49. Ke4 b5 50. a5 h6 51. Rd6 Re2+ 52. Kd3
Ra2 53. b4 Kxh4 54. Rxf6 Kg5 55. Rxa6 h5 56. Rb6 h4 57. f6 h3 58. Rxb5+ Kxf6 59.
Rh5 Kg6 60. Rh8 1-0